| 000 | 01471cam a2200217 4500 | ||
|---|---|---|---|
| 001 | WB3920-01 | ||
| 008 | 030528n2003 000 0 eng u | ||
| 035 | _a(Sirsi) u122430 | ||
| 245 | _aBuilding control performance standards updated | ||
| 260 | _c2003 | ||
| 490 |
_aRICS Building Control Forum News _v21 May 2003 (1) |
||
| 520 | _aODPM has updated its "Building control performance standards" which should be adopted by local authorities and approved inspectors. The guidance codifies existing best practice, emphasising self-review and continuous improvement and states that the building control function is the same whether carried out by local authority or approve inspector. The standards cover policy, resources, consultation, assessment of plans as well as site inspection, certificates at completion, records archiving, CPD, performance review, quality management, business ethics and complaints procedures. The standards are available at http://www.safety.odpm.gov.uk/bregs/bcps/. http://www.rics.org/ricscms/bin/show?class=News&template=/includes/shownews.html&id=5874&faculty=Building%20Control&faculty=All%20Faculties | ||
| 590 | _aWB | ||
| 650 | _aBUILDING CONTROL PERFORMANCE STANDARDS | ||
| 650 |
_aBUILDING REGULATIONS _96224 |
||
| 650 | _aSITE INSPECTION | ||
| 650 |
_aBUILDING CONTROL _96222 |
||
| 650 | _aBUILT ENVIRONMENT-BUILDING CONTRACT FORMS-CERTIFICATES OF COMPLETION | ||
| 690 | _aBUILT ENVIRONMENT-BUILDING STANDARDS | ||
| 942 | _n0 | ||
| 999 |
_c72772 _d72772 |
||